[Event "AUTO-OPEN-4061"]
[Site "http://www.queenalice.com/game.php?id=1571977"]
[Date "2019.5.23"]
[Round "1"]
[White "josebaron"]
[Black "sccpnaraca"]
[Result "1/2-1/2"]
[WhiteElo "1947"]
[BlackElo "1683"]

1. e4 c6 2. Bc4 d5 3. exd5 cxd5 4. Bb3 e5 5. d3 Be6 6. Nf3 Bd6 7. O-O Ne7 8. h3
O-O 9. Nc3 Qb6 10. a3 Nd7 11. Re1 Rfe8 12. Bg5 f6 13. Bh4 Kh8 14. Bg3 Nf5 15.
Bh2 Ne7 16. Re2 Nc5 17. Na4 Nxa4 18. Bxa4 Rf8 19. Bb3 Ng6 20. c4 d4 21. Re1 Rac8
22. Re4 Rfd8 23. Kh1 Nf8 24. Bg3 1/2-1/2

[Event "AUTO-OPEN-4061"]
[Site "http://www.queenalice.com/game.php?id=1571978"]
[Date "2019.5.23"]
[Round "1"]
[White "sccpnaraca"]
[Black "mvson33"]
[Result "1-0"]
[WhiteElo "1500"]
[BlackElo "1649"]

1. Nf3 d5 2. d4 Nf6 3. c4 e6 4. e3 dxc4 5. Bxc4 Bb4+ 6. Nc3 O-O 7. O-O b6 8. Qe2
Bb7 9. Rd1 Nbd7 10. a3 Be7 11. b3 Qc8 12. Bb2 c5 13. Rac1 Qc6 14. Na4 Qc7 15.
dxc5 bxc5 16. b4 Qc6 17. Bb5 Qc7 18. Nxc5 Nxc5 19. bxc5 Bc6 20. a4 a6 21. Be5
Qc8 22. Bxc6 Qxc6 23. Qa2 Rfd8 24. Nd4 Qd5 25. Qxd5 Rxd5 26. c6 h6 27. Rb1 Rxe5
28. c7 Bd6 29. Nc6 Bxc7 30. Rb7 Rc5 31. Rxc7 Rb8 32. Ne7+ 1-0

[Event "AUTO-ADV-4183"]
[Site "http://www.queenalice.com/game.php?id=1572636"]
[Date "2019.5.29"]
[Round "1"]
[White "sccpnaraca"]
[Black "jesus_vieira"]
[Result "0-1"]
[WhiteElo "2009"]
[BlackElo "1719"]

1. e4 d5 2. exd5 Bf5 3. c4 Nf6 4. Nc3 Nbd7 5. Nf3 g6 6. d4 Bg7 7. Ne5 O-O 8. Be2
Nb6 9. Be3 Ne4 10. Nxe4 Bxe4 0-1

[Event "AUTO-ADV-4183"]
[Site "http://www.queenalice.com/game.php?id=1572647"]
[Date "2019.5.29"]
[Round "1"]
[White "mvson33"]
[Black "sccpnaraca"]
[Result "0-1"]
[WhiteElo "1743"]
[BlackElo "2131"]

1. e4 c6 2. d4 d5 3. Nc3 dxe4 4. Nxe4 Nf6 5. Nxf6+ exf6 6. Nf3 Bd6 7. Bc4 O-O 8.
O-O Nd7 9. c3 h6 10. Be3 Qc7 11. Qd2 Nb6 12. Bb3 f5 13. c4 c5 14. dxc5 Bxc5 15.
Bxc5 Qxc5 16. Rac1 Be6 17. Qd3 Rfd8 18. Qe2 a5 19. a3 Rac8 20. Ba2 a4 21. Ne5
Rd4 22. Nf3 Re4 23. Qc2 Qa5 24. Nd2 Re2 25. Rfd1 Qc5 26. Rf1 Rd8 27. Rcd1 Qd4
28. Nf3 Rxc2 29. Nxd4 Rxb2 30. Nxe6 Rxd1 31. Rxd1 fxe6 32. Ra1 Nd7 33. Kf1 Nc5
34. Bb1 Nb3 35. Ra2 Rxb1+ 0-1

[Event "AUTO-ADV-4183"]
[Site "http://www.queenalice.com/game.php?id=1572648"]
[Date "2019.5.29"]
[Round "1"]
[White "sccpnaraca"]
[Black "mvson33"]
[Result "1-0"]
[WhiteElo "2027"]
[BlackElo "1711"]

1. e4 e5 2. f4 exf4 3. Nf3 Bc5 4. Bc4 d6 5. d4 Bb6 6. O-O Nc6 7. c3 Nf6 8. Bxf4
O-O 9. Bg5 Bg4 10. Qd2 Nxe4 11. Qf4 Nxg5 12. Nxg5 Bh5 13. Qh4 Bg6 14. Bxf7+ Rxf7
15. Rxf7 Bxf7 16. Qxh7+ Kf8 17. Qh8+ Ke7 18. Qxg7 Qg8 19. Qh6 Nxd4 20. cxd4
Bxd4+ 21. Kh1 Bxb2 22. Qh4 Bxa1 23. Ne4+ Kd7 24. Nbc3 Bxc3 25. Qh3+ Be6 26. Qxc3
Qg4 27. Nf6+ 1-0

[Event "AUTO-ADV-4183"]
[Site "http://www.queenalice.com/game.php?id=1572653"]
[Date "2019.5.29"]
[Round "1"]
[White "SubRoger"]
[Black "sccpnaraca"]
[Result "0-1"]
[WhiteElo "2067"]
[BlackElo "1954"]

1. d4 Nf6 2. c4 e5 3. e3 d5 4. Nc3 Bb4 5. Qa4+ Nc6 6. Bd2 dxc4 7. Bxc4 exd4 8.
exd4 Qxd4 9. Qb3 Na5 10. Bxf7+ Kf8 11. Qc2 Kxf7 12. O-O-O Qg4 13. Nf3 Bf5 14.
Qa4 Bxc3 15. Qxg4 Bxd2+ 16. Rxd2 Bxg4 17. Ne5+ Ke6 18. Re1 Kf5 19. Nxg4 Kxg4 20.
Re5 Nc6 21. Re3 Kf5 22. a3 Rad8 0-1

[Event "AUTO-ADV-4183"]
[Site "http://www.queenalice.com/game.php?id=1572654"]
[Date "2019.5.29"]
[Round "1"]
[White "sccpnaraca"]
[Black "SubRoger"]
[Result "1-0"]
[WhiteElo "2037"]
[BlackElo "2067"]

1. d4 d5 2. c4 e6 3. Nc3 c6 4. Nf3 f5 5. Qc2 Nf6 6. Bg5 Bd6 7. e3 O-O 8. Bd3
Nbd7 9. O-O-O Bb4 10. h4 Qa5 11. Kb1 Bxc3 12. bxc3 Ne4 13. Rc1 b5 14. c5 b4 15.
cxb4 Qxb4+ 16. Ka1 Ndf6 17. Ne5 a5 18. Bxf6 Rxf6 19. Nxc6 Qa3 20. f3 Ng3 21. Rh3
Bd7 22. Ne7+ Kf7 23. Rxg3 g6 24. c6 Kxe7 25. cxd7 Kxd7 26. Qc6+ 1-0

[Event "Let's Play Chess!"]
[Site "http://www.queenalice.com/game.php?id=1573041"]
[Date "2019.6.2"]
[Round "-"]
[White "sccpnaraca"]
[Black "sph44"]
[Result "0-1"]
[WhiteElo "1914"]
[BlackElo "1920"]

1. d4 d5 2. c4 Nf6 3. Nf3 a6 4. Nc3 dxc4 5. a4 c6 6. e3 b5 7. axb5 cxb5 8. Nxb5
Be6 9. Na3 Qc7 10. Qa4+ Nbd7 11. Bxc4 Bxc4 12. Qxc4 Qxc4 13. Nxc4 e6 14. O-O Bb4
15. Bd2 Bxd2 16. Nfxd2 O-O 17. Ra4 Nd5 18. Rfa1 Nc7 19. f3 g6 20. Ne4 f5 0-1

[Event "Let's Play Chess!"]
[Site "http://www.queenalice.com/game.php?id=1573042"]
[Date "2019.6.2"]
[Round "-"]
[White "sph44"]
[Black "sccpnaraca"]
[Result "1-0"]
[WhiteElo "1903"]
[BlackElo "1932"]

1. e4 c6 2. d4 d5 3. e5 Bf5 4. Bd3 Bxd3 5. Qxd3 e6 6. Nf3 c5 7. b3 Nc6 8. c4
dxc4 9. Qxc4 cxd4 10. O-O Qb6 11. Rd1 Rd8 12. Bb2 Nge7 13. Bxd4 Nf5 14. Nc3
Nfxd4 15. Rd3 Nxf3+ 16. Rxf3 Nxe5 17. Qa4+ Qc6 18. Qxc6+ bxc6 19. Re3 Bd6 20. h3
1-0

[Event "Let's Play Chess!"]
[Site "http://www.queenalice.com/game.php?id=1573043"]
[Date "2019.6.3"]
[Round "-"]
[White "sccpnaraca"]
[Black "marcomasao"]
[Result "1-0"]
[WhiteElo "1749"]
[BlackElo "1965"]

1. e4 e5 2. Nf3 Nc6 3. d4 exd4 4. Nxd4 Qf6 5. Be3 Bc5 6. c3 Nh6 7. Be2 d6 8. O-O
Bd7 9. Nxc6 Bxc6 10. Bxc5 dxc5 11. Bf3 Qe7 12. Qc2 O-O-O 13. Nd2 g5 14. g3 Qd7
15. Rad1 Qh3 16. Bg2 Qe6 17. Rfe1 g4 18. Nb3 b6 19. Nc1 f6 20. b4 c4 21. Ne2 f5
22. Nd4 Qf6 23. Nxc6 Qxc6 24. exf5 Qf6 25. Qe4 c6 26. Qxc4 Rd7 27. Rxd7 Kxd7 28.
Re6 Qxf5 29. Qxc6+ Kd8 30. Rd6+ Ke7 31. Qc7+ Qd7 32. Qxd7+ Kf8 33. Rf6+ Kg8 34.
Bd5+ Nf7 35. Qxf7# 1-0

[Event "Let's Play Chess!"]
[Site "http://www.queenalice.com/game.php?id=1573044"]
[Date "2019.6.3"]
[Round "-"]
[White "marcomasao"]
[Black "sccpnaraca"]
[Result "0-1"]
[WhiteElo "1960"]
[BlackElo "1872"]

1. e4 c6 2. Bc4 d5 3. exd5 cxd5 4. Bb3 Nf6 5. Nf3 g6 6. d4 Bg7 7. Nc3 Nc6 8. a3
Bg4 9. Be3 Qb6 10. h3 Bxf3 11. Qxf3 e6 12. Qd1 O-O 13. Qd2 Ne8 14. O-O-O Nd6 15.
Na4 Qa5 16. Qd3 Rfd8 17. g4 b5 18. Nc5 Qb6 19. g5 Nf5 20. h4 Ncxd4 21. Bxd4 Nxd4
22. Nxe6 fxe6 23. h5 Nf5 24. hxg6 hxg6 25. Qh3 a5 26. Qh7+ Kf7 27. Qh2 a4 28.
Ba2 b4 29. axb4 Qxb4 30. c3 Bxc3 31. Qc7+ Qe7 32. Rh7+ Bg7 33. Qe5 Qxg5+ 34. f4
Qf6 35. Qc7+ Kg8 36. Rxg7+ Qxg7 37. Qb6 Qf6 38. Rh1 Rab8 39. Qf2 a3 40. Qh2
Rdc8+ 41. Kd1 Qd4+ 42. Ke1 Qe4+ 43. Kd1 Ne3+ 0-1

[Event "Challenge"]
[Site "http://www.queenalice.com/game.php?id=1573865"]
[Date "2019.6.9"]
[Round "-"]
[White "marcomasao"]
[Black "sccpnaraca"]
[Result "0-1"]
[WhiteElo "1913"]
[BlackElo "2113"]

1. e4 c6 2. Bc4 d5 3. exd5 cxd5 4. Bb3 Nc6 5. Nf3 Nf6 6. d4 Bg4 7. h3 Bxf3 8.
gxf3 e6 9. Bf4 a5 10. a3 a4 11. Ba2 Qb6 12. b4 Qxd4 13. Qxd4 Nxd4 14. Kd2 e5 15.
Bg3 Bd6 16. c3 Nxf3+ 17. Ke3 Ng5 18. Nd2 Rc8 19. Rac1 O-O 20. h4 Ne6 21. f3 d4+
22. cxd4 exd4+ 23. Kf2 Nf4 24. Bxf4 Bxf4 25. Rxc8 Rxc8 26. Nc4 b5 0-1

[Event "Challenge"]
[Site "http://www.queenalice.com/game.php?id=1573908"]
[Date "2019.6.10"]
[Round "-"]
[White "sccpnaraca"]
[Black "marcomasao"]
[Result "1-0"]
[WhiteElo "2085"]
[BlackElo "1964"]

1. d4 d5 2. c4 b6 3. Nc3 Na6 4. cxd5 Qd6 5. Nf3 Bf5 6. e4 Bg6 7. Bxa6 Nh6 8.
Qa4+ Kd8 9. Nb5 Qd7 10. Ne5 Qe8 11. Qc4 1-0

[Event "AUTO-MASTER-2854"]
[Site "http://www.queenalice.com/game.php?id=1574004"]
[Date "2019.6.10"]
[Round "1"]
[White "sccpnaraca"]
[Black "armbar"]
[Result "0-1"]
[WhiteElo "2053"]
[BlackElo "2073"]

1. e4 e5 2. Nf3 Nf6 3. Nc3 Nc6 4. d4 exd4 5. Nxd4 Bb4 6. Nxc6 bxc6 7. Bd2 d5 8.
Bd3 O-O 9. exd5 Nxd5 10. Nxd5 Bxd2+ 11. Qxd2 cxd5 12. O-O c6 13. Rfe1 Bb7 0-1

[Event "AUTO-MASTER-2854"]
[Site "http://www.queenalice.com/game.php?id=1574005"]
[Date "2019.6.10"]
[Round "1"]
[White "armbar"]
[Black "sccpnaraca"]
[Result "1-0"]
[WhiteElo "2095"]
[BlackElo "2109"]

1. e4 c6 2. d4 d5 3. e5 Bf5 4. Nf3 e6 5. Be2 Nd7 6. O-O Qc7 7. Nh4 Ne7 8. Nd2 g5
9. Nhf3 h6 10. Nb3 Bg7 11. h3 Bg6 12. Nh2 a5 13. a4 Nf5 14. f4 1-0

[Event "AUTO-MASTER-2854"]
[Site "http://www.queenalice.com/game.php?id=1574006"]
[Date "2019.6.10"]
[Round "1"]
[White "sccpnaraca"]
[Black "CCapivara"]
[Result "0-1"]
[WhiteElo "1938"]
[BlackElo "2221"]

1. e4 d6 2. Nf3 Nf6 3. Nc3 c6 4. d4 Bg4 5. Bc4 d5 6. exd5 cxd5 7. Bb5+ Nc6 8.
Qd3 Rc8 9. Bd2 e6 10. O-O Be7 11. Ne5 Bf5 12. Qg3 O-O 13. Nxc6 bxc6 14. Bd3 Bxd3
15. Qxd3 c5 16. dxc5 Bxc5 17. Ne2 Ne4 18. Be3 Bxe3 19. fxe3 Qb6 0-1

[Event "AUTO-MASTER-2854"]
[Site "http://www.queenalice.com/game.php?id=1574007"]
[Date "2019.6.10"]
[Round "1"]
[White "CCapivara"]
[Black "sccpnaraca"]
[Result "1-0"]
[WhiteElo "2228"]
[BlackElo "2132"]

1. e4 c6 2. d4 d5 3. exd5 cxd5 4. Nf3 Bf5 5. Bd3 g6 6. Bxf5 gxf5 7. O-O Bg7 8.
Qd3 e6 9. Ne5 Ne7 10. Qb5+ Nbc6 11. Qxb7 Nxe5 12. dxe5 Qc8 13. Qb5+ Qc6 14. Qe2
Ng6 15. f4 O-O 16. c3 a5 17. Be3 a4 18. Na3 Rfc8 19. Nb5 1-0

[Event "AUTO-MASTER-2854"]
[Site "http://www.queenalice.com/game.php?id=1574008"]
[Date "2019.6.10"]
[Round "1"]
[White "sccpnaraca"]
[Black "Pin"]
[Result "0-1"]
[WhiteElo "2029"]
[BlackElo "2086"]

1. d4 Nf6 2. Nf3 g6 3. g3 Bg7 4. Bg2 O-O 5. c4 a5 6. Nc3 d5 7. O-O Bg4 8. cxd5
Bxf3 9. Bxf3 Nbd7 10. e4 Ne8 11. e5 Rb8 12. Be3 b5 13. Rc1 b4 14. Ne4 f5 15. Ng5
Qc8 0-1

[Event "AUTO-MASTER-2854"]
[Site "http://www.queenalice.com/game.php?id=1574009"]
[Date "2019.6.10"]
[Round "1"]
[White "Pin"]
[Black "sccpnaraca"]
[Result "1-0"]
[WhiteElo "2082"]
[BlackElo "2079"]

1. e4 e5 2. Nf3 Nf6 3. Nxe5 d6 4. Nf3 Nxe4 5. Nc3 Nf6 6. Bc4 d5 7. Bb5+ c6 8.
Ba4 a5 9. a3 Bf5 10. O-O Be7 11. d3 O-O 12. Bf4 Nbd7 13. Ne2 Re8 14. c3 Nc5 15.
Bc2 1-0